<?xml version="1.0" encoding="UTF-8"?>
<record
    xmlns:xsi="http://www.w3.org/2001/XMLSchema-instance"
    xsi:schemaLocation="http://www.loc.gov/MARC21/slim http://www.loc.gov/standards/marcxml/schema/MARC21slim.xsd"
    xmlns="http://www.loc.gov/MARC21/slim">

  <leader>02355nam2a2200361   4500</leader>
  <controlfield tag="001">RU\NLR\BIBL_A\011366490</controlfield>
  <controlfield tag="005">20250626053129.0</controlfield>
  <datafield tag="021" ind1=" " ind2=" ">
    <subfield code="a">RU</subfield>
    <subfield code="b">2017-18272</subfield>
    <subfield code="9">1346</subfield>
  </datafield>
  <datafield tag="035" ind1=" " ind2=" ">
    <subfield code="a">(NLR Aleph) 011366490</subfield>
  </datafield>
  <datafield tag="090" ind1=" " ind2=" ">
    <subfield code="a">11327118</subfield>
    <subfield code="c">11327118</subfield>
  </datafield>
  <datafield tag="100" ind1=" " ind2=" ">
    <subfield code="a">20170412d2016    |||y0rusy50      ca</subfield>
  </datafield>
  <datafield tag="101" ind1="1" ind2=" ">
    <subfield code="a">rus</subfield>
    <subfield code="c">und</subfield>
  </datafield>
  <datafield tag="102" ind1=" " ind2=" ">
    <subfield code="a">RU</subfield>
  </datafield>
  <datafield tag="105" ind1=" " ind2=" ">
    <subfield code="a">a   z    00zy</subfield>
  </datafield>
  <datafield tag="200" ind1="1" ind2=" ">
    <subfield code="a">&#x411;&#x438;&#x43E;&#x43B;&#x43E;&#x433;&#x438;&#x447;&#x435;&#x441;&#x43A;&#x438;&#x435; &#x438; &#x442;&#x435;&#x445;&#x43D;&#x438;&#x447;&#x435;&#x441;&#x43A;&#x438;&#x435; &#x43E;&#x441;&#x43B;&#x43E;&#x436;&#x43D;&#x435;&#x43D;&#x438;&#x44F; &#x438;&#x43C;&#x43F;&#x43B;&#x430;&#x43D;&#x442;&#x43E;&#x43B;&#x43E;&#x433;&#x438;&#x447;&#x435;&#x441;&#x43A;&#x43E;&#x433;&#x43E; &#x43B;&#x435;&#x447;&#x435;&#x43D;&#x438;&#x44F;</subfield>
    <subfield code="d">Biological and hardwarel complications of implant dentistry</subfield>
    <subfield code="f">&#x423;. &#x411;&#x440;&#x435;&#x433;&#x433;&#x435;&#x440;, &#x41B;. &#x425;&#x435;&#x439;&#x442;&#x446;-&#x41C;&#x435;&#x439;&#x444;&#x438;&#x43B;&#x434;</subfield>
    <subfield code="g">&#x43F;&#x435;&#x440;&#x435;&#x432;&#x43E;&#x434;&#x447;&#x438;&#x43A; &#x411;&#x43E;&#x440;&#x438;&#x441; &#x42F;&#x431;&#x43B;&#x43E;&#x43D;&#x441;&#x43A;&#x438;&#x439;</subfield>
    <subfield code="g">&#x43D;&#x430;&#x443;&#x447;&#x43D;&#x44B;&#x439; &#x440;&#x435;&#x434;&#x430;&#x43A;&#x442;&#x43E;&#x440; &#x43F;&#x435;&#x440;&#x435;&#x432;&#x43E;&#x434;&#x430; &#x410;&#x440;&#x442;&#x443;&#x440; &#x421;&#x438;&#x434;&#x435;&#x43B;&#x44C;&#x43D;&#x438;&#x43A;&#x43E;&#x432;</subfield>
    <subfield code="z">eng</subfield>
  </datafield>
  <datafield tag="210" ind1=" " ind2=" ">
    <subfield code="d">2016</subfield>
    <subfield code="a">&#x411;. &#x43C;.</subfield>
  </datafield>
  <datafield tag="215" ind1=" " ind2=" ">
    <subfield code="a">215 &#x441;.</subfield>
    <subfield code="c">&#x438;&#x43B;., &#x446;&#x432;. &#x438;&#x43B;.</subfield>
  </datafield>
  <datafield tag="300" ind1=" " ind2=" ">
    <subfield code="a">&#x41F;&#x430;&#x440;&#x430;&#x43B;. &#x43E;&#x431;&#x449;. &#x437;&#x430;&#x433;&#x43B;.: ITI Treatment Guide</subfield>
  </datafield>
  <datafield tag="300" ind1=" " ind2=" ">
    <subfield code="a">&#x410;&#x432;&#x442;. &#x442;&#x430;&#x43A;&#x436;&#x435; &#x43D;&#x430; &#x430;&#x43D;&#x433;&#x43B;. &#x44F;&#x437;.: U. Br&#xE4;gger, L. J. A. Heitz-Mayfield</subfield>
  </datafield>
  <datafield tag="320" ind1=" " ind2=" ">
    <subfield code="a">&#x411;&#x438;&#x431;&#x43B;&#x438;&#x43E;&#x433;&#x440;.: &#x441;. 201-215</subfield>
  </datafield>
  <datafield tag="461" ind1=" " ind2="0">
    <subfield code="1">001RU\NLR\bibl\2043990</subfield>
    <subfield code="1">2001#$a&#x420;&#x443;&#x43A;&#x43E;&#x432;&#x43E;&#x434;&#x441;&#x442;&#x432;&#x43E; &#x43F;&#x43E; &#x438;&#x43C;&#x43F;&#x43B;&#x430;&#x43D;&#x442;&#x43E;&#x43B;&#x43E;&#x433;&#x438;&#x438;$f&#x414;. &#x41C;&#x43E;&#x440;&#x442;&#x43E;&#x43D;, &#x414;&#x436;. &#x413;&#x430;&#x43D;&#x435;&#x43B;&#x435;&#x441;$g&#x440;&#x435;&#x434;.: &#x414;. &#x412;&#x438;&#x441;&#x43C;&#x430;&#x439;&#x435;&#x440; [&#x438; &#x434;&#x440;.]$g&#x43F;&#x435;&#x440;.: &#x410;&#x43B;&#x435;&#x43A;&#x441;&#x430;&#x43D;&#x434;&#x440; &#x421;&#x443;&#x440;&#x43A;&#x438;&#x43D;, [&#x43A;.&#x43C;.&#x43D;.]$g&#x43D;&#x430;&#x443;&#x447;. &#x440;&#x435;&#x434;. &#x43F;&#x435;&#x440;.: &#x41A;&#x440;&#x438;&#x441;&#x442;&#x438;&#x43D;&#x430; &#x411;&#x430;&#x434;&#x430;&#x43B;&#x44F;&#x43D;, [&#x43A;.&#x43C;.&#x43D;.] &#x438; &#x41C;&#x438;&#x445;&#x430;&#x438;&#x43B; &#x41B;&#x43E;&#x43C;&#x430;&#x43A;&#x438;&#x43D;, [&#x434;.&#x43C;.&#x43D;., &#x43F;&#x440;&#x43E;&#x444;.]$gITI, &#x41C;&#x435;&#x436;&#x434;&#x443;&#x43D;&#x430;&#x440;. &#x43D;&#x430;&#x443;&#x447;. &#x433;&#x440;&#x443;&#x43F;&#x43F;&#x430; &#x43F;&#x43E; &#x438;&#x43C;&#x43F;&#x43B;&#x430;&#x43D;&#x442;&#x43E;&#x43B;&#x43E;&#x433;&#x438;&#x438;$v&#x422;. 8</subfield>
    <subfield code="1">700#1$a&#x41C;&#x43E;&#x440;&#x442;&#x43E;&#x43D;$b&#x414;.$4070</subfield>
    <subfield code="9">4551441</subfield>
    <subfield code="a">&#x41C;&#x43E;&#x440;&#x442;&#x43E;&#x43D;, &#x414;.</subfield>
    <subfield code="c">&#x41C;&#x43E;&#x441;&#x43A;&#x432;&#x430; [&#x438; &#x434;&#x440;.]</subfield>
    <subfield code="d">2011</subfield>
    <subfield code="f">&#x414;. &#x41C;&#x43E;&#x440;&#x442;&#x43E;&#x43D;, &#x414;&#x436;. &#x413;&#x430;&#x43D;&#x435;&#x43B;&#x435;&#x441;</subfield>
    <subfield code="n">&#x41A;&#x432;&#x438;&#x43D;&#x442;&#x44D;&#x441;&#x441;&#x435;&#x43D;&#x446;&#x438;&#x44F;</subfield>
    <subfield code="t">&#x420;&#x443;&#x43A;&#x43E;&#x432;&#x43E;&#x434;&#x441;&#x442;&#x432;&#x43E; &#x43F;&#x43E; &#x438;&#x43C;&#x43F;&#x43B;&#x430;&#x43D;&#x442;&#x43E;&#x43B;&#x43E;&#x433;&#x438;&#x438;</subfield>
    <subfield code="v">&#x422;. 8</subfield>
  </datafield>
  <datafield tag="510" ind1="1" ind2=" ">
    <subfield code="6">z77790</subfield>
    <subfield code="a">Biological and hardwarel complications of implant dentistry</subfield>
    <subfield code="z">eng</subfield>
  </datafield>
  <datafield tag="510" ind1="1" ind2=" ">
    <subfield code="a">ITI Treatment Guide</subfield>
    <subfield code="z">eng</subfield>
  </datafield>
  <datafield tag="606" ind1="1" ind2=" ">
    <subfield code="a">&#x418;&#x43C;&#x43F;&#x43B;&#x430;&#x43D;&#x442;&#x430;&#x446;&#x438;&#x44F;</subfield>
    <subfield code="j">&#x420;&#x443;&#x43A;&#x43E;&#x432;&#x43E;&#x434;&#x441;&#x442;&#x432;&#x430;, &#x43F;&#x43E;&#x441;&#x43E;&#x431;&#x438;&#x44F; &#x438; &#x442;.&#x43F;</subfield>
    <subfield code="x">&#x41F;&#x440;&#x438;&#x43C;&#x435;&#x43D;&#x435;&#x43D;&#x438;&#x435; &#x432; &#x43F;&#x440;&#x43E;&#x442;&#x435;&#x437;&#x43D;&#x43E;&#x439; &#x441;&#x442;&#x43E;&#x43C;&#x430;&#x442;&#x43E;&#x43B;&#x43E;&#x433;&#x438;&#x438;</subfield>
    <subfield code="x">&#x41E;&#x441;&#x43B;&#x43E;&#x436;&#x43D;&#x435;&#x43D;&#x438;&#x44F;</subfield>
    <subfield code="9">2546876</subfield>
    <subfield code="3">RU\NLR\AUTH\661507374</subfield>
  </datafield>
  <datafield tag="686" ind1="1" ind2=" ">
    <subfield code="a">&#x420;665.421-99&#x44F;7</subfield>
  </datafield>
  <datafield tag="701" ind1=" " ind2="1">
    <subfield code="a">&#x411;&#x440;&#x435;&#x433;&#x433;&#x435;&#x440;</subfield>
    <subfield code="b">&#x423;.</subfield>
  </datafield>
  <datafield tag="701" ind1=" " ind2="1">
    <subfield code="a">&#x425;&#x435;&#x439;&#x442;&#x446;-&#x41C;&#x435;&#x439;&#x444;&#x438;&#x43B;&#x434;</subfield>
    <subfield code="b">&#x41B;.</subfield>
  </datafield>
  <datafield tag="790" ind1=" " ind2="1">
    <subfield code="6">z77</subfield>
    <subfield code="a">Br&#xE4;gger</subfield>
    <subfield code="b">U.</subfield>
  </datafield>
  <datafield tag="790" ind1=" " ind2="1">
    <subfield code="6">z77</subfield>
    <subfield code="6">z77510</subfield>
    <subfield code="a">Heitz-Mayfield</subfield>
    <subfield code="b">L. J. A.</subfield>
  </datafield>
  <datafield tag="852" ind1=" " ind2=" ">
    <subfield code="a">NLR</subfield>
    <subfield code="j">2012-8/3406</subfield>
  </datafield>
  <datafield tag="942" ind1=" " ind2=" ">
    <subfield code="c">BOOK</subfield>
  </datafield>
  <datafield tag="980" ind1=" " ind2=" ">
    <subfield code="a">NB</subfield>
  </datafield>
  <datafield tag="995" ind1=" " ind2=" ">
    <subfield code="5">2017-04-12</subfield>
    <subfield code="b">NLR01</subfield>
    <subfield code="c">NLR01</subfield>
    <subfield code="e">RF8</subfield>
    <subfield code="f">1-1804957</subfield>
    <subfield code="k">2012-8/3406</subfield>
    <subfield code="o">0</subfield>
    <subfield code="r">BOOK</subfield>
    <subfield code="s">201283406_</subfield>
  </datafield>
  <datafield tag="995" ind1=" " ind2=" ">
    <subfield code="5">2017-04-12</subfield>
    <subfield code="b">NLR01</subfield>
    <subfield code="c">NLR01</subfield>
    <subfield code="e">RF8</subfield>
    <subfield code="f">1-1804958</subfield>
    <subfield code="k">2012-8/3406</subfield>
    <subfield code="o">0</subfield>
    <subfield code="r">BOOK</subfield>
    <subfield code="s">201283406_</subfield>
  </datafield>
</record>
